| 000 | 00683nam a2200205 i 4500 | ||
|---|---|---|---|
| 001 | 51809 | ||
| 003 | ES-MaACL | ||
| 005 | 20230906162437.0 | ||
| 007 | t| | ||
| 008 | 030819s1944 sp ||||1| spa d | ||
| 100 | 1 |
_aDanzas, Julia Nicolaievna. _942680 |
|
| 245 | 1 | 3 |
_aLa emperatriz trágica _b: (la agonía del zarismo ruso) / _cJulia Nicolaievna Danzas ; [traducción de Pedro Fraga de Porto]. |
| 260 |
_aMadrid : _bMorata, _c[1944] ( _fImp. Gráf. España) |
||
| 300 |
_a388 p., 1 gráf. pleg., 12 lám. ; _c20 cm. |
||
| 490 | 1 | _aLike | |
| 700 | 1 |
_aFraga de Porto, Pedro. _952071 |
|
| 830 | 0 |
_aLike _9230187 |
|
| 852 |
_aES-MaACL _jF-16325 _bR.21078 |
||
| 999 |
_c51809 _d51809 |
||